LEADER 01087nam2-22003371i-450- 001 990000231720403321 010 $a88-324-1423-6 035 $a000023172 035 $aFED01000023172 035 $a(Aleph)000023172FED01 035 $a000023172 100 $a20011111d--------km-y0itay50------ba 101 0 $aita 105 $ay-------001yy 200 1 $a1. rist. Con appendici. Segue: Guidaoperativa all'utilizzo del programma. 210 $a3. ed. - Milano$cIl sole-24 ore Pirola$d1996 215 $a212 p., [12] c.$cill.$d30 cm + 1 floppy disk. 225 1 $aAppalti 461 0$1001000015426$12001$aCapitolato speciale tipo per appalti di lavori edilizi 610 0 $aEdilizia$aCapitolati di appalto 676 $a344.450 669 700 1$aBaiocco,$bFausto$0333978 712 02$aS.T.R. 801 0$aIT$bUNINA$gRICA$2UNIMARC 901 $aBK 912 $a990000231720403321 952 $a13 F 47 12$b11346$fFINBC 959 $aFINBC 996 $a1. rist. Con appendici. Segue: Guidaoperativa all'utilizzo del programma$9123114 997 $aUNINA DB $aING01 LEADER 01252nam 2200361 450 001 9910150506303321 005 20230810001322.0 010 $a1-5018-1079-0 035 $a(CKB)3710000000944050 035 $a(MiAaPQ)EBC4744098 035 $a(EXLCZ)993710000000944050 100 $a20161122h20172017 uy| 0 101 0 $aeng 135 $aurcnu|||||||| 181 $2rdacontent 182 $2rdamedia 183 $2rdacarrier 200 00$aBL4Y$hVol. 30, no. 3, Spring 2017 $eBible lessons for youth /$feditorial & design team, Jason Sansbury, editor, Pam Shepherd, production editor, Keely Moore, design manager, Kellie Green, designer ; administrative team, Brian K. Milford, President/CEO, Marjorie M. Pon, editor, Church School Publications 210 1$aNashville, Tennessee :$cCokesbury,$d[2017] 210 4$dİ2017 215 $a1 online resource (140 pages) $cillustrations 517 1 $aBL4Y :$eBible lessons for youth : leader : love. 606 $aChristian education 615 0$aChristian education. 702 $aSansbury$b Jason 702 $aShephard$b Pam 801 0$bMiAaPQ 801 1$bMiAaPQ 801 2$bMiAaPQ 906 $aBOOK 912 $a9910150506303321 996 $aBL4Y$93419934 997 $aUNINA LEADER 02081nam 2200673zu 450 001 9910830492403321 005 20240104025242.0 010 $a9781119960058$bePDF 010 $a9781119960041$bWiley Online Library 010 $a9781119954958$bePub 010 $a9781119954965$beMobi 035 $a(CKB)3280000000033796 035 $a(SSID)ssj0000591929 035 $a(PQKBManifestationID)12254076 035 $a(PQKBTitleCode)TC0000591929 035 $a(PQKBWorkID)10728520 035 $a(PQKB)11166309 035 $a(EXLCZ)993280000000033796 100 $a20160829d2012 uy 0 101 0 $aeng 181 $ctxt 182 $cc 183 $acr 200 10$aMindfulness-based cognitive therapy for cancer $egently turning towards /$fTrish Bartley 210 31$aChichester, England$cWiley-Blackwell$d2012 300 $aBibliographic Level Mode of Issuance: Monograph 311 0 $a1-119-95405-3 311 0 $a9780470683835 606 $aBehavioral Sciences 606 $aBehavior Therapy 606 $aInvestigative Techniques 606 $aDiseases 606 $aPsychotherapy 606 $aBehavioral Disciplines and Activities 606 $aAnalytical, Diagnostic and Therapeutic Techniques and Equipment 606 $aPsychiatry and Psychology 606 $aMethods 606 $aCognitive Therapy 606 $aNeoplasms 606 $aPsychology 615 2$aBehavioral Sciences 615 2$aBehavior Therapy 615 2$aInvestigative Techniques 615 2$aDiseases 615 2$aPsychotherapy 615 2$aBehavioral Disciplines and Activities 615 2$aAnalytical, Diagnostic and Therapeutic Techniques and Equipment 615 2$aPsychiatry and Psychology 615 2$aMethods 615 2$aCognitive Therapy 615 2$aNeoplasms 615 2$aPsychology 676 $a616.99/40651 700 $aBartley$b Trish$01622640 801 0$bPQKB 906 $aBOOK 912 $a9910830492403321 996 $aMindfulness-based cognitive therapy for cancer$93956616 997 $aUNINA